000
00301nam a2200133Ia 4500
005
20251222140104.0
008
251222s1900||||xx |||||||||||||| ||spa||
020
_a
84-82-80-181-3
082
_a
128.33/P27
100
_a
Pascal, Blaise
245
0
_a
Pensamientos
264
_b
Oveja Negra
942
_c
LIB
999
_c
4061
_d
4061